X-Men Movies - Statistics

General Stats
  • This quiz has been taken 307 times
  • The average score is 8 of 9
Answer Stats
Release date Movie % Correct
2000 X-Men
99%
2003 X2
96%
2013 The Wolverine
95%
2009 X-Men Origins: Wolverine
95%
2011 X-Men: First Class
90%
2016 X-Men: Apocalypse
87%
2014 X-Men: Days of Future Past
84%
2006 X-Men: The Last Stand
82%
2016 Deadpool
66%
No matching quizzes found
Score Distribution
Percent of People with Each Score
Percentile by Number Answered
Your Score History
You have not taken this quiz